00869nam a22002537a 450000500170000001000180001702000340003502000340006903500170010303700090012008200160012924500890014526000450023427001120027930000360039149000170042770000220044470000260046670000220049270000230051470000310053770000240056870000230059220240517113723.0 aENG-140358-59 a9788196533205(Vol 1)c3256.00 a9788196533281(Vol 2)c3256.00 aEN-123890-91 bDBAD a578.7340954 aCompendium on Phytodiversity of Ramsar sites in India/cEdited by A.A Mao...[et.al] aKolkatabBotanical Survey of Indiac2018 aMinistry of Environment,Forest & Climate Change,Govt.of India,3rd MSO Building,CGO ComplexbKolkatae700064 axxi,732p. c29cm.(Hb)bill.,col vVol 1, Vol 2 aMao, A.A eEditor aAgrawala, D.KeEditor aDash, S.SeEditor aC.P, VivekeEditor aMukherjee, SinjinieEditor aJayanthi, JeEditor aJalal, J.SeEditor